000 00700nam a2200205 4500
001 137368
003 ES-MaACL
005 20230906195346.0
007 t|
008 070214s1976 sp r ||||1| spa d
100 1 _aSánchez Agesta, Luis.
_9102435
245 1 3 _aLa antítesis del desarrollo
_b: constitución, desarrollo y planificación /
_cLuis Sánchez Agesta.
260 _aMadrid :
_bInstituto de Estudios Políticos,
_c1976.
300 _a297 p. ;
_c25 cm.
490 1 _aBiblioteca cuestiones actuales
710 2 _aInstituto de Estudios Políticos (Madrid)
_94924
830 0 _aBiblioteca cuestiones actuales
_9220078
852 _aES-MaACL
_jA-6050
_bR.95079
999 _c137368
_d137368